Otázky novinárskych žánrov /

Main Author: Marko, Miloš, 1922-2008
Language: Slovak
Published: Martin : Matica slovenská, 1960
Physical Description: 251 s.
Language note: Anglické, francouzské, německé a ruské resumé
Book
Saved in:
LEADER 00734nam a22002292a 4500
001 001393454
003 CZ BrMZK
005 20140611083032.0
007 ta
008 140611s1960 xo er|||||||||||slo d
040 |a BOA001  |b cze 
041 0 |a slo  |b eng  |b fre  |b ger  |b rus 
100 1 |a Marko, Miloš,  |d 1922-2008  |7 mzk2004236949  |4 aut 
245 1 0 |a Otázky novinárskych žánrov /  |c Miloš Marko 
260 |a Martin :  |b Matica slovenská,  |c 1960 
300 |a 251 s. 
504 |a Obsahuje bibliografické odkazy 
546 |a Anglické, francouzské, německé a ruské resumé 
910 |a BOA001  |b 2-0447.696 
990 |a BK 
991 |b 201406 
996 7 |b 2619086810  |c 2-0447.696  |l MZK  |r Sklad / do 24 hodin  |n 0  |w 001428501  |u 000010  |a 1  |e BOA001  |j MZK50  |s A